MDQL
is popping MORE tags! Check the
thread
!
Quizzes
Events
Quiz Creation
Community
Videos
Private Events
Remove Ads
Sign In
Join for FREE
Feedback
Dark Mode
Quiz Categories
Sports
Geography
Music
Movies
Television
Just For Fun
Miscellaneous
History
Literature
Language
Science
Gaming
Entertainment
Religion
Holiday
For Kids
Quiz Lab
Recent
Popular Today
Quiz Kudos Today
Editor Picks
Curator Picks
Quizzes by...
Day
Popularity
Type
Ratings
Length
Year
Community
Subscriptions
Recent Discussions
Orange Saloon
Badges
Playlists
Quests
Create
Leaderboards
Showdown
Live 5
Trivia Bingo
Activity
Puzzle Library
Sporcle Events
Private Events
Virtual Trivia
Globe League
Become a Host
Pub Owners
SporcleCon
Opinionation
Our Games
Videos
Blog
Mobile Apps
Partnerships
Remove Ads and Go Orange
Feedback
Sports
Athletes
MLB
NBA
NHL
NFL
Soccer
Sports Teams
WWE
NCAA
Football
Premier League
Basketball
Baseball
Hockey
Golf
Tennis
Cricket
Rugby
Auto Racing
Olympics
World Cup
Sports
Athletes
MLB
NBA
NHL
NFL
Soccer
Sports Teams
WWE
NCAA
Football
Premier League
Basketball
Baseball
Hockey
Golf
Tennis
Cricket
Rugby
Auto Racing
Olympics
World Cup
Random Quiz
Search Sporcle
×
Quiz Lab
Quiz Lab
Sports
100
Type in answers that appear in a list
Type in answers that appear in a list
Classic
Best Score? Go Orange.
30+ HR/30+ SB And More Stats
Can you name the players to have a .300+ AVG, 30+ HR, 30+ 2B, 100+ RBI, 100+ R and 30+ SB season?
By
lukemaltais
5m
15 Questions
77 Plays
77 Plays
77 Plays
Comments
Comments
Give Quiz Kudos
Give Quiz Kudos
-
- Ratings
hide this ad
More Info
Replay
Link that replays current quiz
Next Quiz
Link to next quiz in quiz playlist
You Got
0%
They Got
Avg Score
73%
Avg Friend Score
Upgrade to see
Score Distribution
Jump to the score distribution portion of the page
Score
0/15
Timer
05:00
0
Plays Today
Year
Player
% Correct
1990
Barry Bonds
93.5%
1992
Barry Bonds
93.5%
1998
Alex Rodriguez
88.3%
2002
Alfonso Soriano
81.8%
1997
Larry Walker
79.2%
2001
Vladimir Guerrero
71.4%
2002
Vladimir Guerrero
71.4%
2011
Ryan Braun
71.4%
Year
Player
% Correct
2011
Matt Kemp
71.4%
2012
Ryan Braun
71.4%
1999
Jeff Bagwell
68.8%
2011
Jacoby Ellsbury
68.8%
1996
Dante Bichette
59.7%
2004
Bobby Abreu
59.7%
2007
David Wright
51.9%
Quiz Playlist
Details
Report
Send in Message
Add To Playlist
More Info:
Name those players to have a .300+ AVG, 30+ HR, 30+ 2B, 100+ RBI, 100+ R, and 30+ SB season
Classic:
Type in answers that appear in a list
Last Updated: Feb 16, 2017
Quiz Scoreboard
CHALLENGE
Sign Up to Join the Scoreboard
Show All
Scores
Hide
Comments
May contain spoilers
Recently Published
Two Season TV Shows II
by 123Four
Television
10m
Image Sorting: Flags VI
by Barbecue
Geography
2m
Find the 'City' Movie
by crazypaving
Movies
60s
More to Explore
Quiz From the Vault
Featured Blog Post
14 Easter Pick-up Lines to Find Eggs With
hide this ad
You Might Also Like...
Tags
100
300
Avg
Offensive
Player
rbi
season
Today's Top Quizzes in Sports
Browse Sports
hide this ad
Today's Top Quizzes in 100
Browse 100
Top Contributed Quizzes in Sports
1
Les meilleurs buteurs des matchs entre le PSG et l’OM
2
Les entraîneurs de l'OM et du PSG au 21e siècle
3
2022 World Cup Stars
4
Les joueurs passés par le PSG et l'OM
5
Players with Multiple 50 Home Run Seasons
6
FIFA Club World Cup Champions
7
Criteria MLB: Left Handed Sluggers
8
Les joueurs passés par le LOSC et le RC Lens
9
Top 10 NHL Goal Scorers of All Time
10
MLB Players with Two .350 Batting Average Seasons
Explore More
Trending Topics
NBA
Kpop
Disney
Harry Potter
Marvel
Crossword
Anime
Pokémon
Puzzle
Country
Song
Soccer
WWE
NFL
The Office
hide this ad
More By:
lukemaltais
Quiz
Plays
Rating
Category
Featured
Created
MLB Players with 50+ HR & 140+ RBI
76,777
4.56
Sports
Sep 2, 2015
Players with Multiple 50 Home Run Seasons
48,971
4.14
Sports
Aug 30, 2022
Skillful MLB Teammates
22,824
4.67
Sports
May 1, 2016
MLB Players With Consecutive 50+ HR Seasons
22,591
4.74
Sports
Dec 9, 2020
MLB Teams Backwards
21,800
3.23
Sports
Feb 1, 2016
Go to Creator's Profile
Score Distribution
Quiz Creator Spotlight
lukemaltais
Follow
Send a Message
Quizzes Created
-
Created Quiz Play Count
-
More By This Creator
Popular Quizzes Today
1
Find the US States - No Outlines Minefield
2
Colored Red Africa Blitz
3
Find the 'City' Movie
4
5x2 Blitz: Bands
5
The Countries of the World
6
Find the Countries of Europe - No Outlines Minefield
7
Find the US States
8
US States
More Sports Quizzes
30-second 2018 Royal Rumble picture click
Quiz Lab
Trending Quizzes
Colored Red Europe Blitz I
Colored Red Africa Blitz II
Colored Red Europe Blitz II
Colored Red Africa Blitz III
Colored Red Europe Blitz III
Recently Updated
How Do You Spell That?
pecheneg
Godzilla Movies
pecheneg
Grab Bag: 4-10 Letters
pecheneg
2024 March Madness Bracket
pecheneg
Famous TV Couples
Peacemaker
Champions League XIs: Real Madrid
pecheneg
Largest US Cities 1790-2010
pecheneg
Rides in Walt Disney World
pecheneg
Most Oscar Losses (Acting)
pecheneg
Beyoncé Albums
pecheneg
Trending Topics
Crossword
Marvel
Disney
Harry Potter
Kpop
Anime
NBA
Country
Pokémon
WWE
Soccer
Song
NFL
The Office
Puzzle
Your Account Isn't Verified!
In order to create a playlist on Sporcle, you need to verify the email address you used during registration. Go to your
Sporcle Settings
to finish the process.
Report this User
Report this user for behavior that violates our
Community Guidelines
.
Details:
Send Report
Go to the Sporcle.com Mobile Site →
Comments